| 000 | 00315nam a22001217a 4500 | ||
|---|---|---|---|
| 020 | _a9780521152235 | ||
| 082 |
_222 _a808.042 |
||
| 100 | _aWaters, Mary and Waters, Alan. | ||
| 245 | _aStudy tasks in english / | ||
| 260 |
_aUK, _bCambridge University Press, _cc2010. |
||
| 300 |
_a0 _bill. ; _c18 cm. |
||
| 942 |
_2ddc _cENG |
||
| 999 |
_c2565 _d2565 |
||